000 00985nam a2200289Ia 4500
005 20220317000223.0
008 141031s9999 ck 000 0 spa d
020 _a9789707774148
082 0 4 _a028.5
_bB65l
100 1 _aBonnafé, Marie
245 1 4 _aLos libros, eso es bueno para los bebés
_cMarie Bonnafé ; traducido por Lirio Garduño y Jean Paul Buono
246 1 0 _aCómo favorecer la disposición lectora en bebés
250 _a1a. edición
300 _a215 páginas
_c21 cm.
650 1 4 _2LEMB
_aPromoción de lectura
650 1 4 _2LEMB
_aLectura recreativa
650 1 4 _2LEMB
_aLibros y lectura para niños
650 1 4 _2LEMB
_aLibros para bebes
700 1 _aGarduño, Lirio
_etraductor
_99860
700 1 _aBuono, Jean Paul
_etraductor
_99861
942 _2ddc
_cBK
264 _aMéxico
_bOcéano Travesía
_c2008
336 _atexto
_btxt
_2rdacontent
337 _asin mediación
_bn
_2rdamedia
338 _avolumen
_bnc
_2rdacarrier
040 _aCO-BoRNBP
_bspa
_erda
_cCO-BoRNBP
999 _c3434
_d3434